<?xml version="1.0" encoding="UTF-8"?>
<record
    xmlns:xsi="http://www.w3.org/2001/XMLSchema-instance"
    xsi:schemaLocation="http://www.loc.gov/MARC21/slim http://www.loc.gov/standards/marcxml/schema/MARC21slim.xsd"
    xmlns="http://www.loc.gov/MARC21/slim">

  <leader>01863nam a22002657a 4500</leader>
  <datafield tag="999" ind1=" " ind2=" ">
    <subfield code="c">4674</subfield>
    <subfield code="d">4674</subfield>
  </datafield>
  <controlfield tag="003">DO-SdBJH</controlfield>
  <controlfield tag="005">20191119200838.0</controlfield>
  <controlfield tag="008">180814b           ||||| |||| 00| 0 spa d</controlfield>
  <datafield tag="040" ind1=" " ind2=" ">
    <subfield code="a">DO-SdBJH</subfield>
    <subfield code="b">spa</subfield>
    <subfield code="c">DO-SdBJH</subfield>
  </datafield>
  <datafield tag="090" ind1=" " ind2=" ">
    <subfield code="a">TG EGCEMA</subfield>
    <subfield code="b">01242 2017</subfield>
  </datafield>
  <datafield tag="100" ind1="1" ind2=" ">
    <subfield code="a">Jim&#xE9;nez Francisco, Porfirio Jos&#xE9;</subfield>
    <subfield code="e">sustentante</subfield>
  </datafield>
  <datafield tag="245" ind1="1" ind2="0">
    <subfield code="a">Propuesta para modernizar la oferta acad&#xE9;mica de la Academia A&#xE9;rea, de la Fuerza A&#xE9;rea de Rep&#xFA;blica Dominicana, para adaptarla a los nuevos requerimientos de la instituci&#xF3;n a partir del a&#xF1;o 2020 /  </subfield>
    <subfield code="c">Porfirio Jos&#xE9; Jim&#xE9;nez Francisco, asesores Mario A. Rivas D&#xED;az, Miledys P&#xE9;rez Polanco</subfield>
  </datafield>
  <datafield tag="260" ind1=" " ind2=" ">
    <subfield code="a">Santo Domingo Este :</subfield>
    <subfield code="b">INSUDE, </subfield>
    <subfield code="c">2017</subfield>
  </datafield>
  <datafield tag="300" ind1=" " ind2=" ">
    <subfield code="a">xx, 70 p&#xE1;ginas, ilustraciones-cuadros-tablas-gr&#xE1;ficos</subfield>
  </datafield>
  <datafield tag="502" ind1=" " ind2=" ">
    <subfield code="a">Tesis (Especialidad de Comando y Estado Mayor A&#xE9;reo) -- Instituto Superior para la Defensa (INSUDE). &#x2013; Escuela de Graduados de Comando y Estado Mayor A&#xE9;reo, 2017.</subfield>
  </datafield>
  <datafield tag="504" ind1=" " ind2=" ">
    <subfield code="a">Incluye referencias bibliogr&#xE1;ficas e &#xED;ndices</subfield>
  </datafield>
  <datafield tag="505" ind1=" " ind2=" ">
    <subfield code="a">Antecedentes y origines de la Academia A&#xE9;rea General de Brigada Piloto Frank A. feliz Miranda, FARD. -- Sistema de educaci&#xF3;n superior de la Fuerza A&#xE9;rea de Rep&#xFA;blica Dominicana. -- Propuesta para modificar la oferta acad&#xE9;mica a&#xE9;rea dela Fuerza A&#xE9;rea de Rep&#xFA;blica Dominicana, para adaptarla a los nuevos requerimientos de la instituci&#xF3;n del a&#xF1;o 2020</subfield>
  </datafield>
  <datafield tag="650" ind1=" " ind2="4">
    <subfield code="a">Modificar oferta acad&#xE9;mica de la Academia A&#xE9;rea (propuesta)</subfield>
  </datafield>
  <datafield tag="650" ind1=" " ind2="4">
    <subfield code="a">Educaci&#xF3;n militar futuras oficiales de comando -- nuevos requerimientos</subfield>
  </datafield>
  <datafield tag="651" ind1=" " ind2="4">
    <subfield code="a">Rep&#xFA;blica Dominicana. Fuerza A&#xE9;rea -- Oferta Acad&#xE9;mica -- Educaci&#xF3;n Superior militar</subfield>
  </datafield>
  <datafield tag="700" ind1="1" ind2=" ">
    <subfield code="a">Rivas D&#xED;az, Mario A.</subfield>
    <subfield code="e">asesor</subfield>
  </datafield>
  <datafield tag="700" ind1="1" ind2=" ">
    <subfield code="a">P&#xE9;rez Polanco, Miledys </subfield>
    <subfield code="e">asesor</subfield>
  </datafield>
  <datafield tag="830" ind1=" " ind2=" ">
    <subfield code="a">INSUDE.  Escuela de Graduados de Comando y Estado Mayor A&#xE9;reo.  Tesis y disertaciones acad&#xE9;micas</subfield>
  </datafield>
  <datafield tag="942" ind1=" " ind2=" ">
    <subfield code="2">ddc</subfield>
    <subfield code="c">T</subfield>
  </datafield>
  <datafield tag="952" ind1=" " ind2=" ">
    <subfield code="0">0</subfield>
    <subfield code="1">0</subfield>
    <subfield code="2">ddc</subfield>
    <subfield code="4">0</subfield>
    <subfield code="7">1</subfield>
    <subfield code="8">TG</subfield>
    <subfield code="a">BJHA</subfield>
    <subfield code="b">BJHA</subfield>
    <subfield code="d">2018-08-14</subfield>
    <subfield code="i">17-01242</subfield>
    <subfield code="l">0</subfield>
    <subfield code="o">TG EGCEMA 01242 2017</subfield>
    <subfield code="p">17-01242</subfield>
    <subfield code="r">2018-10-06 00:00:00</subfield>
    <subfield code="t">e.1</subfield>
    <subfield code="w">2018-08-14</subfield>
    <subfield code="y">T</subfield>
  </datafield>
</record>
